| 000 | 00703nam a22002177a 4500 | ||
|---|---|---|---|
| 003 | OSt | ||
| 005 | 20260311053149.0 | ||
| 008 | 260311b |||||||| |||| 00| 0 eng d | ||
| 020 | _a971-23-2463-X | ||
| 040 |
_aDWCL Main lib _cOC |
||
| 082 |
_2New ed. _aFil. 155 G492 1998 |
||
| 100 | _aGines, Adelaida C. | ||
| 245 |
_aDevelopmental psychology : _ba textbook for college students in psychology and teacher education _cAdelaida C. Gines |
||
| 250 | _aNew ed. | ||
| 260 |
_aManila : _bRex Book Store, _cc1998 |
||
| 504 | _aIncludes bibliographical references | ||
| 650 | _aDevelopmental psychology | ||
| 650 | _aHuman development | ||
| 650 | _aPsychology | ||
| 942 |
_2ddc _cBK - FIL _eNew ed. _kFil. _n0 |
||
| 999 |
_c8930 _d8930 |
||